000
00188nam a2200073Ia 4500
008
170617s9999 xx 000 0 und d
100
_a
C.S.I.R
245
4
_a
The Wealth of India:Birds-Vol-2b
260
_b
CBS Publisher-delhi
999
_c
14760
_d
14760